000 00538nam a2200217Ia 4500
005 20250425162658.0
008 250425s9999 xx 000 0 und d
020 _a9780309146951
041 _aeng
082 _a594.11
110 _aBOARD
245 0 _aECOSYSTEM CONCEPTS FOR SUSTAINABLE BIVALVE MARICULTURE
250 _aS.E
260 _aEstados Unidos
_bTHE NATIONAL ACADEMIES PRESS
_c2010
260 _aWASHINGTON
300 _a179
650 _aBIVALVOS
650 _aMOLUSCOS BIVALVE
942 _c01
010 _a96285
999 _c234200
_d234200